Capitales - À choix multipes - Statistiques

Statistiques générales
  • Ce quiz a été pris 43 fois
  • Le résultat moyen est 11 sur 15
Statistiques - réponses
Question Réponse % Correct
Santiago Chili
97%
Erevan Arménie
87%
Libreville Gabon
84%
Vaduz Liechtenstein
84%
Nassau Bahamas
76%
Riga Lettonie
76%
Praia Cap vert
74%
Moroni Comores
74%
Managua Nicaragua
74%
Kampala Ouganda
68%
Yaren Nauru
61%
Castries Sainte-Lucie
61%
Bichkek Kirghizistan
58%
Freetown Sierra Leone
55%
Funafuti Tuvalu
50%
Aucun quiz correspondant
Distribution des résultats
% des personnes avec chaque résultat
Percentile par nombre de réponses
Votre historique - résultats
Vous n’avez pas pris ce quiz